| 000 | 01082nac a22003737a 4500 | ||
|---|---|---|---|
| 001 | BR0504049 | ||
| 003 | BR-BrBNA | ||
| 005 | 20240105123203.0 | ||
| 008 | 230509b bl.|||m| |||| 00| 0 por d | ||
| 040 |
_aBR-BrBNA _bpor _cBiblioteca Nacional de Agricultura |
||
| 072 | _aH20 | ||
| 090 | _a1112 BR0504049 | ||
| 100 | 1 | _aTrindade, D.R. | |
| 100 | 1 | _aTabosa, S.A. | |
| 100 | 1 | _aLeite, M.A.N. | |
| 100 | 1 | _aPoltronieri, L.S. | |
| 100 | 1 | _aDuarte, M. de L.R. | |
| 110 | 1 | _aEMBRAPA Amazônia Oriental, Belém PA (Brasil) | |
| 245 | 1 | _aDoenças da bananeira no Estado do Pará | |
| 260 | 3 |
_aBelém, PA (Brasil): _c2002. |
|
| 300 | _a8 p. | ||
| 490 |
_aCircular Técnica - EMBRAPA Amazonia Oriental (Brazil) _vno. 27 _xISSN 1517-211X |
||
| 500 | _a7 illus.; 21 ref. | ||
| 650 | _aBANANA | ||
| 650 | _aPRODUTIVIDADE | ||
| 650 | _aCADEIA PRODUTIVA | ||
| 650 | _aVARIEDADE | ||
| 650 | _aDOENÇA DE PLANTA | ||
| 650 | _aCONTROLE QUÍMICO | ||
| 650 | _aINFECÇÃO | ||
| 650 | _aPARÁ | ||
| 909 |
_a202312 _bLúcia Elande _c55 _dLúcia Elande |
||
| 942 |
_2AGRIS _n0 _cMS |
||
| 999 |
_c294357 _d294357 |
||